| 000 | 00840nam a22002417a 4500 | ||
|---|---|---|---|
| 005 | 20140313100406.0 | ||
| 008 | 131216b xxu||||| |||| 00| 0 eng d | ||
| 020 | _a9780814432334 | ||
| 050 |
_aHF 5549.5.M5 _b.Z45 2013 |
||
| 100 | _aZemke, Ron. | ||
| 245 |
_aGenerations at work : _bmanaging the clash of boomers, Gen Xers, and Gen Yers in the workplace / _cRon Zemkel, Claire Raines, Bob Filipczak. |
||
| 250 | _a2nd ed. | ||
| 260 |
_aNew York : _bAmerican Management Association, _c2013. |
||
| 300 |
_aviii, 312 p. ; _c23 cm. |
||
| 521 | _aBSBA | ||
| 650 |
_aDiversity in the workplace _zUnited States. |
||
| 650 |
_aAge groups _zUnited States. |
||
| 650 |
_aConflict of generations _zUnited States. |
||
| 700 |
_aRaines, Claire. _eauthor. |
||
| 700 |
_aFilipczak, Bob. _eauthor. |
||
| 942 |
_2lcc _cBK _kFOR |
||
| 999 |
_c25827 _d25827 |
||